| 000 | 00765nas a2200253 4500 | ||
|---|---|---|---|
| 001 | BR0300104 | ||
| 003 | BR-BrBNA | ||
| 005 | 20231205103502.0 | ||
| 007 | ta | ||
| 008 | 230509b bl.|||p| |||| 00| 00por d | ||
| 040 |
_aBR-BrBNA _bpor _cBiblioteca Nacional de Agricultura |
||
| 041 | _a(Pt) | ||
| 072 | _aD50; P01; E14 | ||
| 100 | 1 | _aNeumann, P.S. | |
| 100 | 1 | _aLoch, C. | |
| 245 | 1 | _aLegislação ambiental, desenvolvimento rural e práticas agrícolas | |
| 650 | _aMEIO AMBIENTE | ||
| 650 | _aLEGISLAÇÃO | ||
| 650 | _aDESENVOLVIMENTO RURAL | ||
| 650 | _aAGRICULTURA FAMILIAR | ||
| 773 | 0 |
_tCiência Rural (Brazil) _xISSN 0103-8478 _g(Mar-Apr 2002), v. 32(2) p. 243-249 _wBR0300104 |
|
| 909 |
_a202311 _bLúcia _c55 _dLúcia Elande |
||
| 942 |
_2AGRIS _n0 _cANA |
||
| 999 |
_c173123 _d173123 |
||